[Event "Scarborough CC Jack Frost U1700"]
[Site "Toronto CAN"]
[Date "2011.02.03"]
[Round "5"]
[White "Patel, Saiyam"]
[Black "Pishdad, Hassan"]
[Result "0-1"]
[WhiteElo "968"]
[BlackElo "1189"]
[PlyCount "70"]
[GameId "2160767909829613"]
[EventDate "2011.01.06"]
[EventType "swiss"]
[EventRounds "7"]
[EventCountry "CAN"]

1. e3 c5 2. Bc4 d5 3. Bb3 Nf6 4. Ba4+ Nc6 5. e4 Nxe4 6. d3 Qa5+ 7. Nc3 Nxc3 8. bxc3 Qxa4 9. c4 dxc4 10. dxc4 Qxc4 11. Nf3 Bg4 12. h3 Bf5 13. Nh4 Qxh4 14. O-O Qf6 15. Bb2 Qxb2 16. Qe2 Qxc2 17. Qe3 e6 18. Rac1 Qxa2 19. Rfd1 Be7 20. Qd2 Qxd2 21. Rxd2 Bg5 22. Rcd1 Bxd2 23. Rxd2 Rd8 24. Re2 O-O 25. g4 Bd3 26. Rb2 b6 27. Rd2 c4 28. f4 c3 29. Rf2 c2 30. Rf1 Bxf1 31. f5 Bxh3 32. fxe6 c1=Q+ 33. Kf2 Qf4+ 34. Ke2 Bxg4+ 35. Ke1 Rd1# 0-1

[Event "Scarborough CC Jack Frost U1700"]
[Site "Toronto CAN"]
[Date "2011.02.03"]
[Round "5"]
[White "Roy, Harrison"]
[Black "Liu, Peter"]
[Result "0-1"]
[WhiteElo "965"]
[BlackElo "1264"]
[PlyCount "50"]
[GameId "2160767909829615"]
[EventDate "2011.01.06"]
[EventType "swiss"]
[EventRounds "7"]
[EventCountry "CAN"]

1. e4 c5 2. Nf3 d6 3. Nc3 Nf6 4. h3 g6 5. Be2 Bg7 6. O-O O-O 7. d3 Nc6 8. Re1 Nh5 9. Nd5 Nd4 10. Nxd4 Bxd4 11. Bg5 f6 12. Bxh5 fxg5 13. Bf3 e6 14. Ne3 Qf6 15. c3 Be5 16. Qb3 Qf4 17. g3 Qxf3 18. Rf1 b6 19. Rad1 Bxg3 20. fxg3 Qxe3+ 21. Kh1 Bd7 22. d4 Qxe4+ 23. Kg1 Qe3+ 24. Kh1 Qxg3 25. Rxf8+ Rxf8 0-1

[Event "Scarborough CC Jack Frost U1700"]
[Site "Toronto CAN"]
[Date "2011.02.03"]
[Round "5"]
[White "Stroempl, Hedi"]
[Black "Lin, Benjamin"]
[Result "0-1"]
[WhiteElo "1128"]
[BlackElo "1060"]
[PlyCount "112"]
[GameId "2160767909829616"]
[EventDate "2011.01.06"]
[EventType "swiss"]
[EventRounds "7"]
[EventCountry "CAN"]

1. e4 e5 2. Nf3 Nc6 3. Bc4 Bc5 4. Nc3 Nf6 5. O-O O-O 6. d3 d6 7. a3 Bg4 8. h3 Bh5 9. Bg5 h6 10. Bh4 Nd4 11. b4 Bb6 12. Nd5 Bxf3 13. gxf3 c6 14. Nxb6 axb6 15. c3 Ne6 16. Bxe6 fxe6 17. Qb3 d5 18. Rfd1 Qe8 19. Bg3 Qh5 20. Kg2 Qg5 21. h4 Qg6 22. Kf1 Nd7 23. Ke2 Qf6 24. Kf1 Qxf3 25. exd5 exd5 26. c4 d4 27. c5+ Kh8 28. Qe6 Rad8 29. Qh3 bxc5 30. bxc5 Nxc5 31. Qg2 Qxg2+ 32. Kxg2 e4 33. dxe4 Nxe4 34. Rab1 Nc3 35. a4 Nxd1 36. Rxd1 d3 37. Kf1 d2 38. Ke2 Rfe8+ 39. Kf1 c5 40. f4 c4 41. f5 c3 42. Bf4 c2 43. Rxd2 Rxd2 44. Bxd2 Rc8 45. Bc1 Kg8 46. Ke2 Kf7 47. Kd2 Kf6 48. Kd3 Kxf5 49. Kd2 g5 50. hxg5 hxg5 51. Bb2 Kf4 52. a5 g4 53. Ke2 c1=Q 54. Bxc1+ Rxc1 55. Kd2 Ra1 56. Ke2 g3 0-1

[Event "Scarborough CC Jack Frost U1700"]
[Site "Toronto CAN"]
[Date "2011.02.03"]
[Round "5"]
[White "Super, Russell"]
[Black "Guo, Tan"]
[Result "1/2-1/2"]
[WhiteElo "1463"]
[BlackElo "1477"]
[PlyCount "99"]
[GameId "2160767909829617"]
[EventDate "2011.01.06"]
[EventType "swiss"]
[EventRounds "7"]
[EventCountry "CAN"]

1. e4 d6 2. d4 Nf6 3. Nc3 g6 4. Nf3 Bg7 5. Be2 O-O 6. O-O c6 7. a4 Qc7 8. h3 e5 9. dxe5 dxe5 10. Bc4 Rd8 11. Qe2 Nh5 12. Ng5 Rf8 13. Be3 h6 14. Nf3 Nf4 15. Bxf4 exf4 16. Rfd1 Nd7 17. Rd2 Nb6 18. Bb3 Bd7 19. Rad1 Rad8 20. Rd6 Bc8 21. Qd2 Rxd6 22. Qxd6 Qxd6 23. Rxd6 Re8 24. Rxg6 Nd5 25. Nxd5 fxg6 26. Nf6+ Kf8 27. Nxe8 Kxe8 28. c3 Ke7 29. Ne1 b6 30. Nd3 g5 31. Kf1 Ba6 32. Bc2 Kd6 33. Ke2 c5 34. Kf3 Bb7 35. g3 fxg3 36. fxg3 h5 37. h4 gxh4 38. gxh4 Bf6 39. Nf4 Bxh4 40. Nxh5 Ke5 41. Nf4 Bg5 42. Nd3+ Kf6 43. Nf2 Bc8 44. Bb3 Bc1 45. Nd3 Bh6 46. Bd5 Ba6 47. Nf2 Bc8 48. Ng4+ Bxg4+ 49. Kxg4 Ke5 50. b3 1/2-1/2

[Event "Scarborough CC Jack Frost U1700"]
[Site "Toronto CAN"]
[Date "2011.02.03"]
[Round "5"]
[White "Veecock, Carl"]
[Black "Roy, Lawrence"]
[Result "1-0"]
[WhiteElo "1356"]
[BlackElo "967"]
[PlyCount "101"]
[GameId "2160767909829618"]
[EventDate "2011.01.06"]
[EventType "swiss"]
[EventRounds "7"]
[EventCountry "CAN"]

1. Nf3 Nc6 2. g3 e5 3. Bg2 Nf6 4. O-O Be7 5. c3 d5 6. d4 exd4 7. Nxd4 Nxd4 8. Qxd4 O-O 9. Bg5 c6 10. Bxf6 Bxf6 11. Qd1 Re8 12. Nd2 b6 13. e3 Ba6 14. Re1 h6 15. Nf3 c5 16. Rc1 d4 17. cxd4 cxd4 18. Nxd4 Rb8 19. b3 Bxd4 20. Qxd4 Qxd4 21. exd4 Rxe1+ 22. Rxe1 Rd8 23. d5 Bb7 24. Rd1 a5 25. f4 f5 26. Kf2 g5 27. fxg5 hxg5 28. Ke3 Kf7 29. Kd4 Kf6 30. Re1 b5 31. Re6+ Kf7 32. Rb6 Rd7 33. Rxb5 a4 34. bxa4 f4 35. g4 Re7 36. Be4 Kf8 37. a5 Ba6 38. Rb8+ Re8 39. Rxe8+ Kxe8 40. Bf3 Kd8 41. Ke5 Kd7 42. Kf6 Bb7 43. Kxg5 Kd6 44. Kxf4 Bxd5 45. Bxd5 Kxd5 46. Kf5 Kc5 47. g5 Kb5 48. g6 Kxa5 49. g7 Ka4 50. g8=Q Ka3 51. Qb3# 1-0

[Event "Scarborough CC Jack Frost U1700"]
[Site "Toronto CAN"]
[Date "2011.02.03"]
[Round "5"]
[White "Xiao, Jerry"]
[Black "Patel, Shivkumar"]
[Result "1-0"]
[WhiteElo "846"]
[BlackElo "918"]
[PlyCount "41"]
[GameId "2160767909829619"]
[EventDate "2011.01.06"]
[EventType "swiss"]
[EventRounds "7"]
[EventCountry "CAN"]

1. e4 e5 2. Nf3 Nc6 3. c3 Nf6 4. d4 Nxe4 5. Qe2 f5 6. dxe5 Be7 7. Qd1 b6 8. Nbd2 O-O 9. Bc4+ Kh8 10. Bd3 Nc5 11. Bc4 Ba6 12. Bxa6 Nxa6 13. O-O d6 14. e6 Rf6 15. Re1 Qe8 16. Qe2 Qh5 17. Qxa6 Rg6 18. Qb7 Rb8 19. Qxc6 Qg4 20. g3 Bh4 21. Nxh4 1-0

[Event "Scarborough CC Jack Frost U1700"]
[Site "Toronto CAN"]
[Date "2011.02.03"]
[Round "5"]
[White "Yie, Kevin"]
[Black "Souchko, Larissa"]
[Result "1-0"]
[WhiteElo "1303"]
[BlackElo "1215"]
[PlyCount "59"]
[GameId "2160767909829620"]
[EventDate "2011.01.06"]
[EventType "swiss"]
[EventRounds "7"]
[EventCountry "CAN"]

1. d4 d5 2. c4 Nf6 3. Nc3 e6 4. Bg5 Be7 5. g3 h6 6. Bf4 a6 7. Bg2 Bb4 8. a3 Bxc3+ 9. bxc3 c6 10. c5 Nbd7 11. Bd6 b6 12. cxb6 Nxb6 13. Bf4 Nc4 14. Nf3 g5 15. Be5 Nxe5 16. Nxe5 Bb7 17. Rb1 Rb8 18. Qa4 Qe7 19. O-O O-O 20. Nd3 Nd7 21. e4 Nb6 22. Qa5 Qd8 23. Qxb6 Qxb6 24. Rxb6 a5 25. Rfb1 Ba6 26. Rxb8 Bxd3 27. Rxf8+ Kxf8 28. Rb8+ Kg7 29. exd5 cxd5 30. Ra8 1-0

[Event "Scarborough CC Jack Frost U1700"]
[Site "Toronto CAN"]
[Date "2011.02.10"]
[Round "6"]
[White "Al Ganabi, Yasir"]
[Black "Kurkowski, Ken"]
[Result "0-1"]
[WhiteElo "1519"]
[BlackElo "1348"]
[PlyCount "118"]
[GameId "2160767909829621"]
[EventDate "2011.01.06"]
[EventType "swiss"]
[EventRounds "7"]
[EventCountry "CAN"]

1. e4 e6 2. Nf3 d5 3. exd5 exd5 4. d4 Nc6 5. Nc3 Nf6 6. Bb5 Bd7 7. Bg5 Be7 8. Ne5 h6 9. Bh4 g5 10. Bg3 Nxe5 11. dxe5 Bxb5 12. exf6 Bb4 13. Qd4 Bxc3+ 14. Qxc3 O-O 15. O-O-O Qd7 16. Qxc7 Qxc7 17. Bxc7 Rac8 18. Rxd5 Bc6 19. Rxg5+ hxg5 20. Bd6 Rfe8 21. Be7 Rc7 22. Re1 Rd7 23. c4 Rd4 24. f3 Rxc4+ 25. Kd2 Rd4+ 26. Ke3 Rd5 27. Kf2 Rd2+ 28. Kg3 Rxb2 29. Re5 Rb5 30. Rxb5 Bxb5 31. Kg4 Rc8 32. Kxg5 Rc2 33. g4 Rxh2 34. a3 Bc6 35. f4 Rg2 36. Kf5 Bd7+ 37. Ke5 Bxg4 38. Kd6 b5 39. Kc6 Be2 40. Kc5 Rg4 41. Bd6 Rg3 42. Kc6 Rc3+ 43. Bc5 a5 44. Kd5 Rxc5+ 45. Kxc5 Kf8 46. Kd4 Ke8 47. Kc3 Kd7 48. Kd4 Kd6 49. f5 b4 50. axb4 axb4 51. Ke3 b3 52. Kd2 Bc4 53. Kc3 Bd5 54. Kb2 Kc5 55. Kc3 Bc4 56. Kb2 Kb4 57. Kb1 Ka3 58. Ka1 b2+ 59. Kb1 Bd3# 0-1

[Event "Scarborough CC Jack Frost U1700"]
[Site "Toronto CAN"]
[Date "2011.02.10"]
[Round "6"]
[White "Azizi, Hamid"]
[Black "Super, Russell"]
[Result "1-0"]
[WhiteElo "1432"]
[BlackElo "1463"]
[PlyCount "45"]
[GameId "2160767909829622"]
[EventDate "2011.01.06"]
[EventType "swiss"]
[EventRounds "7"]
[EventCountry "CAN"]

1. e4 c5 2. Nf3 Nc6 3. Bb5 e6 4. Bxc6 bxc6 5. Nc3 d5 6. O-O Bd6 7. Re1 Ne7 8. d4 cxd4 9. Qxd4 O-O 10. e5 Bc7 11. Bg5 Bb6 12. Qg4 Kh8 13. Rad1 a5 14. Ne4 Qc7 15. Nf6 Ng6 16. Qh5 h6 17. Bxh6 gxf6 18. Bxf8+ Kg8 19. Qh6 Nxf8 20. exf6 Bxf2+ 21. Kh1 Qxh2+ 22. Nxh2 Bxe1 23. Qg7# 1-0

[Event "Scarborough CC Jack Frost U1700"]
[Site "Toronto CAN"]
[Date "2011.02.10"]
[Round "6"]
[White "Kaneshalingam, Mathanhe"]
[Black "Gandhi, Vishwa"]
[Result "1/2-1/2"]
[WhiteElo "828"]
[BlackElo "1070"]
[PlyCount "60"]
[GameId "2160767909829623"]
[EventDate "2011.01.06"]
[EventType "swiss"]
[EventRounds "7"]
[EventCountry "CAN"]

1. d4 d5 2. c4 c6 3. Nc3 g6 4. Nf3 Bg7 5. Be3 Nd7 6. c5 h6 7. Qd2 e6 8. O-O-O Ne7 9. a3 O-O 10. h4 Nf6 11. g3 Ng4 12. Bh3 Nf6 13. Rh2 b5 14. Rdh1 h5 15. g4 hxg4 16. Bxg4 Nxg4 17. h5 Nxh2 18. Rxh2 gxh5 19. Rxh5 f6 20. Bh6 Bxh6 21. Qxh6 Kf7 22. Rg5 fxg5 23. Ne5+ Ke8 24. Qh5+ Ng6 25. Qxg6+ Ke7 26. Nxc6+ Kd7 27. Nxd8 Kxd8 28. Qxg5+ Kc7 29. Qg7+ Bd7 30. Nxb5+ Kc6 1/2-1/2

[Event "Scarborough CC Jack Frost U1700"]
[Site "Toronto CAN"]
[Date "2011.02.10"]
[Round "6"]
[White "Liang, Phillip"]
[Black "Aghamalian, Derick"]
[Result "0-1"]
[WhiteElo "1190"]
[BlackElo "1449"]
[PlyCount "136"]
[GameId "2160767909829624"]
[EventDate "2011.01.06"]
[EventType "swiss"]
[EventRounds "7"]
[EventCountry "CAN"]

1. e4 e6 2. d4 d5 3. Nc3 Nf6 4. e5 Nfd7 5. f4 c5 6. Nf3 Nc6 7. Be3 b6 8. Be2 cxd4 9. Nxd4 Nxd4 10. Bxd4 Bc5 11. O-O O-O 12. Rf3 Qc7 13. Kh1 Bxd4 14. Qxd4 Qc5 15. Qd2 Bb7 16. Rh3 Rfd8 17. Nb5 Nf8 18. Rc3 Qe7 19. Nd6 Rd7 20. Nxb7 Rxb7 21. a3 Rc7 22. Rd1 Rac8 23. Rxc7 Rxc7 24. c3 Qc5 25. f5 exf5 26. Qxd5 Qxd5 27. Rxd5 Rd7 28. Bf3 g5 29. Kg1 g4 30. Rxd7 Nxd7 31. Bd5 Nxe5 32. Kf1 Kg7 33. Ke2 f4 34. c4 Kf6 35. g3 f3+ 36. Ke3 h5 37. b4 Ng6 38. c5 bxc5 39. bxc5 Ke7 40. Ke4 f6 41. Bc4 Ne5 42. Bf1 Ke6 43. Kd4 f5 44. Kc3 Kd5 45. Kb4 f2 46. a4 Nf3 47. Kb5 Nd4+ 48. Kb4 a5+ 49. Kxa5 Kxc5 50. Ka6 Kb4 51. a5 Nc6 52. Kb6 Nxa5 53. Ka6 Nc4 54. Kb7 Ne3 55. Ba6 f1=Q 56. Bxf1 Nxf1 57. Kc6 Nxh2 58. Kd5 Nf1 59. Kd4 Nxg3 60. Ke3 h4 61. Kf4 Nf1 62. Kxf5 g3 63. Kg4 g2 64. Kxh4 g1=Q 65. Kh5 Ne3 66. Kh6 Qg4 67. Kh7 Nf5 68. Kh8 Qg7# 0-1

[Event "Scarborough CC Jack Frost U1700"]
[Site "Toronto CAN"]
[Date "2011.02.10"]
[Round "6"]
[White "Lin, Benjamin"]
[Black "Cui, Gordon"]
[Result "1/2-1/2"]
[WhiteElo "1060"]
[BlackElo "1355"]
[PlyCount "65"]
[GameId "2160767909829625"]
[EventDate "2011.01.06"]
[EventType "swiss"]
[EventRounds "7"]
[EventCountry "CAN"]

1. c4 e5 2. Nc3 Nf6 3. d3 Bb4 4. Bd2 O-O 5. e4 d6 6. Be2 Nc6 7. a3 Bc5 8. Nf3 Bg4 9. O-O h6 10. h3 Bh5 11. Nh2 Bxe2 12. Qxe2 Nd4 13. Qd1 Ne6 14. Ng4 Bd4 15. Qf3 Nxg4 16. Qxg4 Ng5 17. Bxg5 Qxg5 18. Qxg5 hxg5 19. Nd5 a6 20. Nxc7 Bxb2 21. Rab1 Rac8 22. Nd5 Bxa3 23. Ne7+ Kh7 24. Nxc8 Rxc8 25. Rxb7 f6 26. Ra1 Bc5 27. Rxa6 Kg6 28. Ra1 Bd4 29. Rab1 Ra8 30. Rb8 Ra2 31. Rf1 Ra3 32. Rd1 Ra2 33. Rf1 1/2-1/2

[Event "Scarborough CC Jack Frost U1700"]
[Site "Toronto CAN"]
[Date "2011.02.10"]
[Round "6"]
[White "Liu, Peter"]
[Black "Graham, John"]
[Result "1-0"]
[WhiteElo "1254"]
[BlackElo "1441"]
[PlyCount "111"]
[GameId "2160767909829626"]
[EventDate "2011.01.06"]
[EventType "swiss"]
[EventRounds "7"]
[EventCountry "CAN"]

1. e4 Nc6 2. d4 d6 3. Nf3 Bg4 4. Be2 g6 5. Nc3 Bxf3 6. Bxf3 Bg7 7. Be3 e6 8. O-O Nge7 9. Qd2 Qd7 10. Bh6 Bxd4 11. Rad1 a6 12. Rfe1 O-O-O 13. b4 Ba7 14. a3 Nd4 15. Bg4 Nb5 16. Nxb5 Qxb5 17. Bg7 Rhg8 18. Bf6 Rge8 19. Qc3 Kb8 20. Qd3 Qxd3 21. Rxd3 Rc8 22. c4 Ng8 23. Bg5 f6 24. Be3 h5 25. Bxa7+ Kxa7 26. Bd1 Rcd8 27. Ba4 Rf8 28. Red1 Kb8 29. c5 b5 30. Bb3 Rfe8 31. cxd6 Rd7 32. dxc7+ Rxc7 33. Rd8+ Rc8 34. Rxc8+ Kxc8 35. a4 Kc7 36. axb5 axb5 37. f4 Nh6 38. Rc1+ Kb6 39. Rc5 Ng4 40. h3 Nh6 41. Kf2 e5 42. g3 exf4 43. Bd5 fxg3+ 44. Kxg3 Re5 45. Rc6+ Ka7 46. Rxf6 h4+ 47. Kf3 Rg5 48. Kf4 Rg3 49. e5 Rxh3 50. Rxg6 Rh2 51. Rxh6 h3 52. e6 Rd2 53. e7 Rd4+ 54. Ke5 Rd3 55. e8=Q Re3+ 56. Be4 1-0

[Event "Scarborough CC Jack Frost U1700"]
[Site "Toronto CAN"]
[Date "2011.02.10"]
[Round "6"]
[White "Ming, Wenyang"]
[Black "Karpik, Steve"]
[Result "1/2-1/2"]
[WhiteElo "1150"]
[BlackElo "1595"]
[PlyCount "92"]
[GameId "2160767909829627"]
[EventDate "2011.01.06"]
[EventType "swiss"]
[EventRounds "7"]
[EventCountry "CAN"]

1. e4 d6 2. d4 Nf6 3. Nc3 g6 4. d5 Bg7 5. Nf3 O-O 6. h3 e5 7. Be2 a6 8. O-O Bd7 9. Bd2 Qc8 10. Re1 Ne8 11. a3 f5 12. Bd3 f4 13. Qe2 Nf6 14. Rab1 b5 15. Red1 Nh5 16. b4 Bf6 17. Qe1 g5 18. Kf1 g4 19. hxg4 Bxg4 20. Be2 Be7 21. Nh2 Nf6 22. Bxg4 Nxg4 23. Nxg4 Qxg4 24. Qe2 f3 25. gxf3 Rxf3 26. Be3 Bh4 27. Ke1 Qg2 28. Kd2 Rxf2 29. Bxf2 Qxf2 30. Rg1+ Kh8 31. Qxf2 Bxf2 32. Rg2 Bd4 33. Rf1 Nd7 34. Rf7 Nb6 35. Rgg7 Nc4+ 36. Kd3 Nb2+ 37. Ke2 Bxc3 38. Rxh7+ Kg8 39. Rfg7+ Kf8 40. Rf7+ Kg8 41. Rhg7+ Kh8 42. Rh7+ Kg8 43. Rhg7+ Kh8 44. Rh7+ Kg8 45. Rfg7+ Kf8 46. Rf7+ Kg8 1/2-1/2

[Event "Scarborough CC Jack Frost U1700"]
[Site "Toronto CAN"]
[Date "2011.02.10"]
[Round "6"]
[White "Palakkal, Anirudh"]
[Black "Law, James"]
[Result "0-1"]
[WhiteElo "754"]
[BlackElo "1514"]
[PlyCount "54"]
[GameId "2160767909829628"]
[EventDate "2011.01.06"]
[EventType "swiss"]
[EventRounds "7"]
[EventCountry "CAN"]

1. d4 d5 2. e3 Nf6 3. Nf3 Bg4 4. Be2 Bxf3 5. Bxf3 e6 6. Nd2 Be7 7. c3 O-O 8. O-O Nbd7 9. Be2 a6 10. a3 c5 11. Re1 Rc8 12. Qc2 Rc6 13. Rd1 Qc7 14. b4 cxb4 15. c4 Rc8 16. c5 bxa3 17. Bxa3 Nxc5 18. dxc5 Rxc5 19. Qb2 Rc1 20. Ra2 Rxd1+ 21. Bxd1 Qc1 22. Qb1 Qxb1 23. Nxb1 Rc1 24. Rd2 Rxb1 25. Kf1 g6 26. Ke2 Rc1 27. Rb2 Rc7 0-1

[Event "Scarborough CC Jack Frost U1700"]
[Site "Toronto CAN"]
[Date "2011.02.10"]
[Round "6"]
[White "Roy, Lawrence"]
[Black "Rodriguez, Sergio"]
[Result "1/2-1/2"]
[WhiteElo "967"]
[BlackElo "1042"]
[PlyCount "80"]
[GameId "2160767909829630"]
[EventDate "2011.01.06"]
[EventType "swiss"]
[EventRounds "7"]
[EventCountry "CAN"]

1. e4 e5 2. Nf3 Nc6 3. Bb5 Bc5 4. O-O Nf6 5. Bxc6 dxc6 6. h3 Nxe4 7. d3 Nf6 8. Nxe5 Bd6 9. d4 O-O 10. Nf3 Be6 11. Re1 Bd5 12. Nc3 Bxf3 13. Qxf3 Rb8 14. Bg5 c5 15. Bxf6 Qxf6 16. Qxf6 gxf6 17. Nb5 cxd4 18. Nxd6 cxd6 19. Rad1 Rfe8 20. Rxe8+ Rxe8 21. Rxd4 Re1+ 22. Kh2 Re2 23. Rxd6 Rxf2 24. a3 a5 25. Rd8+ Kg7 26. Rb8 Rxc2 27. Rxb7 f5 28. Rb5 f4 29. Rxa5 f3 30. Rb5 Kh6 31. h4 f2 32. Rf5 Kg6 33. Rf3 Rxb2 34. a4 Ra2 35. a5 f5 36. a6 h6 37. a7 f1=Q 38. Rxf1 Rxa7 39. g3 Ra5 40. Rg1 h5 1/2-1/2

[Event "Scarborough CC Jack Frost U1700"]
[Site "Toronto CAN"]
[Date "2011.02.10"]
[Round "6"]
[White "Smith, Maurice"]
[Black "Aghamalian, Leonid"]
[Result "1-0"]
[WhiteElo "1561"]
[BlackElo "1442"]
[PlyCount "105"]
[GameId "2160767909829631"]
[EventDate "2011.01.06"]
[EventType "swiss"]
[EventRounds "7"]
[EventCountry "CAN"]

1. d4 Nf6 2. c4 d5 3. Nc3 e6 4. Nf3 Be7 5. Bg5 O-O 6. e3 b6 7. cxd5 Nxd5 8. Bxe7 Nxe7 9. Bd3 Bb7 10. O-O Nd7 11. Qc2 Nf6 12. Ng5 Ng6 13. Nge4 Nxe4 14. Bxe4 Bxe4 15. Nxe4 Qd5 16. Nc3 Qg5 17. Ne2 Rfc8 18. Qe4 Qb5 19. Qc2 c5 20. Qd2 cxd4 21. Nxd4 Qa5 22. Rfd1 Rd8 23. Qe2 Qd5 24. Qf3 Qxf3 25. Nxf3 Rac8 26. Rxd8+ Rxd8 27. Rc1 e5 28. Kf1 f6 29. Ke2 a5 30. Rc6 Rb8 31. Nd2 Ne7 32. Rd6 b5 33. Ne4 Rc8 34. Kd2 Rc6 35. Rd8+ Kf7 36. Nd6+ Ke6 37. Nxb5 Rb6 38. Nc7+ Kf7 39. b3 a4 40. Rd3 axb3 41. Rxb3 Rc6 42. Rc3 Rd6+ 43. Ke2 Nc6 44. Nb5 Re6 45. g4 Na5 46. Nc7 Rc6 47. Rxc6 Nxc6 48. Kd3 Ke7 49. Kc4 Kd7 50. Nb5 Kc8 51. Kc5 Kb7 52. Nd6+ Kc7 53. Ne8+ 1-0

[Event "Scarborough CC Jack Frost U1700"]
[Site "Toronto CAN"]
[Date "2011.02.10"]
[Round "6"]
[White "Song, Eric"]
[Black "Gillis, Doug"]
[Result "0-1"]
[WhiteElo "1417"]
[BlackElo "1594"]
[PlyCount "72"]
[GameId "2160767909829632"]
[EventDate "2011.01.06"]
[EventType "swiss"]
[EventRounds "7"]
[EventCountry "CAN"]

1. e4 e6 2. d4 d5 3. Nc3 dxe4 4. Nxe4 Qd5 5. Nc3 Bb4 6. Qd2 Nc6 7. Nf3 Nf6 8. Be2 O-O 9. O-O Bxc3 10. bxc3 Rd8 11. Rd1 b6 12. Ba3 Bb7 13. Qf4 Qe4 14. Qxc7 Rd7 15. Qg3 Qxe2 16. Rac1 Qe4 17. h3 Nd5 18. Ne5 Nxe5 19. Qxe5 Qxe5 20. dxe5 Rad8 21. Rd3 Nf4 22. Re3 Rd1+ 23. Kh2 Rxc1 24. Bxc1 Rd1 25. Ba3 Nxg2 26. Rg3 Nf4 27. Re3 g5 28. f3 Rd2+ 29. Kg1 Re2 30. Rxe2 Nxe2+ 31. Kf2 Nxc3 32. Be7 h6 33. Kg3 Nxa2 34. Kg4 Nc3 35. Kh5 Kh7 36. Kg4 Nd5 0-1

[Event "Scarborough CC Jack Frost U1700"]
[Site "Toronto CAN"]
[Date "2011.02.10"]
[Round "6"]
[White "Stroempl, Hedi"]
[Black "Xiao, Jerry"]
[Result "0-1"]
[WhiteElo "846"]
[BlackElo "1128"]
[PlyCount "86"]
[GameId "2160767909829634"]
[EventDate "2011.01.06"]
[EventType "swiss"]
[EventRounds "7"]
[EventCountry "CAN"]

1. e4 e5 2. Nf3 Nc6 3. Bb5 a6 4. Bc4 d6 5. d3 Na5 6. O-O Nxc4 7. dxc4 Be6 8. b3 c6 9. Nc3 b5 10. cxb5 axb5 11. Be3 b4 12. Na4 c5 13. Nb2 Be7 14. Ng5 Bxg5 15. Bxg5 Qxg5 16. Qxd6 Rd8 17. Qxc5 Nf6 18. Qxb4 Rd4 19. Qb8+ Rd8 20. Qb7 O-O 21. Rad1 Nd7 22. Rfe1 Rb8 23. Qa6 Nc5 24. Qa5 Qe7 25. Qc3 Bg4 26. Rd5 Rbc8 27. Qb4 Be6 28. Rxe5 Qd6 29. f4 f6 30. Rh5 f5 31. e5 Qe7 32. Rd1 Rb8 33. Qe1 Qa7 34. Qf2 Rfd8 35. a4 Rd7 36. Kf1 Qa6+ 37. Ke1 Ne4 38. Qf1 Qa5+ 39. Ke2 Nc3+ 40. Kf3 Bd5+ 41. Rxd5 Qxd5+ 42. Kg3 Ne4+ 43. Kf3 Nd2+ 0-1

[Event "Scarborough CC Jack Frost U1700"]
[Site "Toronto CAN"]
[Date "2011.02.17"]
[Round "7"]
[White "Aghamalian, Derick"]
[Black "Smith, Maurice"]
[Result "1-0"]
[WhiteElo "1449"]
[BlackElo "1561"]
[PlyCount "88"]
[GameId "2160767909829636"]
[EventDate "2011.01.06"]
[EventType "swiss"]
[EventRounds "7"]
[EventCountry "CAN"]

1. e4 c5 2. Nf3 d6 3. d4 cxd4 4. Nxd4 Nf6 5. Nc3 g6 6. Be2 Bg7 7. Be3 Nc6 8. O-O O-O 9. Kh1 Bd7 10. f4 Rc8 11. Bf3 b6 12. Qd2 Nxd4 13. Bxd4 Bc6 14. Rae1 e6 15. Nd1 Qc7 16. c3 Qb7 17. Bxf6 Bxf6 18. Qxd6 Rfd8 19. Qb4 Be7 20. Qb3 Rd2 21. c4 Rcd8 22. Nc3 R2d3 23. Rd1 Rxd1 24. Rxd1 Rxd1+ 25. Qxd1 Qc7 26. g3 Qb7 27. Kg2 Qc8 28. Qd3 Qa6 29. e5 Be8 30. a3 Qc8 31. Ne4 Bc6 32. Nd6 Qc7 33. Bxc6 Qxc6+ 34. Qe4 Qd7 35. Qa8+ Kg7 36. Qe8 Qxe8 37. Nxe8+ Kf8 38. Nd6 Bd8 39. Kf3 a5 40. Ke4 Ke7 41. Kd4 Bc7 42. c5 bxc5+ 43. Kxc5 Bb8 44. Kb5 Ba7 1-0

[Event "Scarborough CC Jack Frost U1700"]
[Site "Toronto CAN"]
[Date "2011.02.17"]
[Round "7"]
[White "Aghamalian, Leonid"]
[Black "Guo, Tan"]
[Result "1-0"]
[WhiteElo "1442"]
[BlackElo "1477"]
[PlyCount "56"]
[GameId "2160767909829637"]
[EventDate "2011.01.06"]
[EventType "swiss"]
[EventRounds "7"]
[EventCountry "CAN"]

1. d4 d5 2. c4 e6 3. Nc3 Nf6 4. Bg5 Be7 5. e3 O-O 6. Nf3 Nbd7 7. Bd3 dxc4 8. Bxc4 c6 9. O-O Nd5 10. Bxe7 Qxe7 11. Nxd5 cxd5 12. Bb3 b6 13. Rc1 Ba6 14. Re1 Rac8 15. Qd2 Nf6 16. Ne5 Ne4 17. Qd1 Qf6 18. f3 Ng5 19. Nd7 Qg6 20. Nxf8 Rxf8 21. Bc2 f5 22. Kh1 Qh6 23. Bd3 Bb7 24. Rc7 Rb8 25. Qc2 Qh5 26. Rxb7 Rf8 27. Rxa7 Nf7 28. Qc7 Qg5 1-0

[Event "Scarborough CC Jack Frost U1700"]
[Site "Toronto CAN"]
[Date "2011.02.17"]
[Round "7"]
[White "Dattani, Dinesh"]
[Black "Liu, Peter"]
[Result "1/2-1/2"]
[WhiteElo "1457"]
[BlackElo "1263"]
[PlyCount "65"]
[GameId "2160767909829638"]
[EventDate "2011.01.06"]
[EventType "swiss"]
[EventRounds "7"]
[EventCountry "CAN"]

1. e4 c5 2. Nf3 d6 3. d4 cxd4 4. Nxd4 Nf6 5. Nc3 g6 6. Be2 Bg7 7. Be3 Nc6 8. Qd2 O-O 9. O-O-O Bd7 10. f3 Rc8 11. h4 h5 12. Nb3 Ne5 13. Bxa7 b6 14. Qe3 Qc7 15. Bxb6 Qc6 16. Bd4 Nc4 17. Bxc4 Qxc4 18. Qd3 Ba4 19. Qxc4 Rxc4 20. Nxa4 Rxa4 21. Kb1 Rc8 22. Rd3 d5 23. Bxf6 dxe4 24. fxe4 Bxf6 25. Nd2 Rb8 26. Rb3 Rd8 27. Rd3 Rb8 28. g3 Rxb2+ 29. Kc1 Rbxa2 30. Nb3 Rxc2+ 31. Kd1 Rb2 32. Re1 Rb1+ 33. Nc1 1/2-1/2

[Event "Scarborough CC Jack Frost U1700"]
[Site "Toronto CAN"]
[Date "2011.02.17"]
[Round "7"]
[White "Gillis, Doug"]
[Black "Azizi, Hamid"]
[Result "1/2-1/2"]
[WhiteElo "1594"]
[BlackElo "1432"]
[PlyCount "91"]
[GameId "2160767909829639"]
[EventDate "2011.01.06"]
[EventType "swiss"]
[EventRounds "7"]
[EventCountry "CAN"]

1. d4 Nf6 2. Nc3 g6 3. e4 d6 4. h3 Bg7 5. Nf3 O-O 6. Be3 Nbd7 7. Bc4 c6 8. Bb3 Re8 9. e5 Nd5 10. Nxd5 cxd5 11. Bxd5 Qa5+ 12. Qd2 Qxd5 13. c4 Qxc4 14. Rc1 Qa6 15. e6 fxe6 16. Ng5 d5 17. Qd1 Nf6 18. a3 h6 19. Nf3 Ne4 20. Ne5 Bxe5 21. dxe5 Bd7 22. Bxh6 Nxf2 23. Kxf2 Qb6+ 24. Kg3 Qxb2 25. Re1 Qxa3+ 26. Re3 Qa4 27. Qf3 Kh7 28. Ra3 Qd4 29. Bf4 Rf8 30. Qg4 Rxf4 31. Qxf4 Qxf4+ 32. Kxf4 Bc6 33. Kg5 Kg7 34. Rf3 Rf8 35. Rxf8 Kxf8 36. Kxg6 a5 37. Rc5 a4 38. Ra5 b6 39. Ra6 Be8+ 40. Kg5 Kf7 41. Kf4 b5 42. Ke3 b4 43. Kd2 d4 44. Ra8 Bc6 45. Ra6 Bxg2 46. Kc2 1/2-1/2

[Event "Scarborough CC Jack Frost U1700"]
[Site "Toronto CAN"]
[Date "2011.02.17"]
[Round "7"]
[White "Graham, John"]
[Black "Yie, Kevin"]
[Result "1-0"]
[WhiteElo "1441"]
[BlackElo "1303"]
[PlyCount "77"]
[GameId "2160767909829640"]
[EventDate "2011.01.06"]
[EventType "swiss"]
[EventRounds "7"]
[EventCountry "CAN"]

1. c4 e5 2. Nc3 Nf6 3. e4 Bc5 4. h3 c6 5. Nf3 d6 6. Be2 O-O 7. d3 Re8 8. a3 Bb6 9. b4 h6 10. Bd2 d5 11. Qc1 dxe4 12. dxe4 Bd4 13. Be3 Bxc3+ 14. Qxc3 Nxe4 15. Qb2 Qf6 16. Rd1 Bf5 17. Nh2 Nd7 18. Ng4 Qg6 19. Bf3 Nef6 20. Rd6 Be4 21. Qd2 Bxf3 22. gxf3 Qb1+ 23. Qc1 Qxc1+ 24. Bxc1 Nxg4 25. Rxd7 Nf6 26. Rxb7 e4 27. f4 a5 28. b5 cxb5 29. Rxb5 Rec8 30. c5 Nd7 31. Be3 a4 32. O-O Ra6 33. Rd1 Nf8 34. Rb6 Rxb6 35. cxb6 Rb8 36. f5 Rb7 37. Rd8 f6 38. Bc5 Kh7 39. Rxf8 1-0